000 01405nam a2200325Ia 4500
999 _c53446
_d53446
001 20490
003 GE_BSU
005 20210104200848.0
008 181216s1977||||ge |||||||||||||| ||geo||
040 _cGE_BSU
041 _ageo
080 _a811.353.1-8(075.3)
100 _aშანიძე, ა.
_99980
245 _aქართული ენა : გრამატიკა, ფონეტიკა, გრაფიკა, ლექსიკა, პუნქტუაცია :
_bმე-4 კლ. /
_cა. შანიძე, ი. იმნაიშვილი, ლ. კვაჭაძე ; რედ. ნ.სუხიტაშვილი.
250 _aმე-4 გამოცემა
264 _aთბილისი :
_bგანათლება,
_c1977.
300 _a115 გვ. ;
_c22 სმ.
541 _h24 თ.
653 _aმე-4 კლასი
653 _aქართული ენა
653 _aგრამატიკა
653 _aფონეტიკა
653 _aგრაფიკა
653 _a ლექსიკა
653 _aპუნქტუაცია
700 _aიმნაიშვილი, ი.
_eავტორი
_99981
700 _aკვაჭაძე, ლ.
_eავტორი
_99982
700 _aსუხიტაშვილი, ნ.
_eრედაქტორი
_99983
942 _cBK
_2udc